| 000 | 00765cam a2200241 a 4500 | ||
|---|---|---|---|
| 999 |
_c329561 _d329561 |
||
| 001 | 1003018 | ||
| 003 | NUST | ||
| 005 | 20170515102336.0 | ||
| 008 | 881006s1986 pk b 001 0 eng | ||
| 010 | _a 86931835 | ||
| 020 | _a9694160596 | ||
| 040 |
_aDLC _cDLC _dDLC |
||
| 050 | 0 | 0 |
_aBP80.I6 _bM854 1986 |
| 082 | 0 | 0 |
_a891.43915 _bMUN |
| 100 | 1 |
_aMunawwar, Muhammad, _d1923-2000. _94 |
|
| 245 | 1 | 0 |
_aDimensions of Iqbal / _cby Muhammad Munawwar. |
| 250 | _a1st ed. | ||
| 260 |
_aLahore : _bIqbal Academy Pakistan, _c1986. |
||
| 300 |
_ai, 165 p. ; _c23 cm. |
||
| 504 | _aIncludes bibliographies and index. | ||
| 600 | 1 | 0 |
_aIqbal, Muhammad, _cSir, _d1877-1938 _xReligion. _95 |
| 650 | 0 |
_aIslam. _9174 |
|
| 906 |
_a7 _bcbc _corignew _d3 _encip _f19 _gy-gencatlg |
||
| 942 |
_2ddc _cBK |
||